<?xml version="1.0" encoding="UTF-8"?>
<record
    xmlns:xsi="http://www.w3.org/2001/XMLSchema-instance"
    xsi:schemaLocation="http://www.loc.gov/MARC21/slim http://www.loc.gov/standards/marcxml/schema/MARC21slim.xsd"
    xmlns="http://www.loc.gov/MARC21/slim">

  <leader>01088nas a2200277 454500</leader>
  <controlfield tag="001">29307</controlfield>
  <controlfield tag="005">20260407193507.0</controlfield>
  <controlfield tag="008">260407s1986####ag###########|||spa#d</controlfield>
  <controlfield tag="003">AR-UNSa-BCEJYS</controlfield>
  <datafield tag="040" ind1=" " ind2=" ">
    <subfield code="a">AR-UNSa-BCEJYS</subfield>
    <subfield code="b">spa</subfield>
    <subfield code="c">AR-UNSa-BCEJYS</subfield>
  </datafield>
  <datafield tag="080" ind1=" " ind2=" ">
    <subfield code="a">330</subfield>
    <subfield code="x">Econom&#xED;a en general</subfield>
  </datafield>
  <datafield tag="245" ind1="1" ind2="0">
    <subfield code="a">Informe econ&#xF3;mico de coyuntura</subfield>
  </datafield>
  <datafield tag="264" ind1=" " ind2="1">
    <subfield code="a">Buenos Aires :</subfield>
    <subfield code="b">Consejo Profesional de Ciencias Econ&#xF3;micas de la Provincia de Buenos Aires</subfield>
    <subfield code="c">1986</subfield>
  </datafield>
  <datafield tag="310" ind1=" " ind2=" ">
    <subfield code="a">Frecuencia: Bimestral</subfield>
  </datafield>
  <datafield tag="041" ind1=" " ind2=" ">
    <subfield code="a">spa</subfield>
  </datafield>
  <datafield tag="942" ind1=" " ind2=" ">
    <subfield code="c">SER</subfield>
  </datafield>
  <datafield tag="590" ind1=" " ind2=" ">
    <subfield code="a">niveau_biblio:s niveau_hierar:1</subfield>
  </datafield>
  <datafield tag="100" ind1="1" ind2=" ">
    <subfield code="a">Consejo Profesional de Ciencias Econ&#xF3;micas de la Provincia de Buenos Aires</subfield>
  </datafield>
  <datafield tag="700" ind1="1" ind2=" ">
    <subfield code="a">Universidad Nacional de Mar del Plata. Facultad Ciencias Econ&#xF3;micas y Sociales. Instituto de Investigaci&#xF3;n Econ&#xF3;mica</subfield>
  </datafield>
  <datafield tag="650" ind1=" " ind2=" ">
    <subfield code="a">Comercio internacional</subfield>
  </datafield>
  <datafield tag="650" ind1=" " ind2=" ">
    <subfield code="a">Datos estad&#xED;sticos</subfield>
  </datafield>
  <datafield tag="650" ind1=" " ind2=" ">
    <subfield code="a">Moneda</subfield>
  </datafield>
  <datafield tag="650" ind1=" " ind2=" ">
    <subfield code="a">COMERCIO EXTERIOR</subfield>
  </datafield>
  <datafield tag="650" ind1=" " ind2=" ">
    <subfield code="a">FINANCIAMIENTO</subfield>
  </datafield>
  <datafield tag="856" ind1="4" ind2="1">
    <subfield code="u">https://biblioeco.unsa.edu.ar/pmb/images/revistas/Informe Economico de Coyuntura-r14161.jpg</subfield>
    <subfield code="y">Imagen de portada</subfield>
    <subfield code="q">image/jpeg</subfield>
  </datafield>
  <datafield tag="999" ind1=" " ind2=" ">
    <subfield code="c">8666</subfield>
    <subfield code="d">8666</subfield>
  </datafield>
  <datafield tag="952" ind1=" " ind2=" ">
    <subfield code="0">0</subfield>
    <subfield code="1">0</subfield>
    <subfield code="4">0</subfield>
    <subfield code="7">0</subfield>
    <subfield code="a">BCEJYS</subfield>
    <subfield code="b">BCEJYS</subfield>
    <subfield code="c">17</subfield>
    <subfield code="d">1997-10-01</subfield>
    <subfield code="h">N&#xBA; 64 - oct. 1997</subfield>
    <subfield code="l">0</subfield>
    <subfield code="o">H330 FOR 64</subfield>
    <subfield code="p">R14211</subfield>
    <subfield code="r">2026-04-10 16:08:48</subfield>
    <subfield code="w">2026-04-10</subfield>
    <subfield code="y">RN</subfield>
  </datafield>
  <datafield tag="952" ind1=" " ind2=" ">
    <subfield code="0">0</subfield>
    <subfield code="1">0</subfield>
    <subfield code="4">0</subfield>
    <subfield code="7">0</subfield>
    <subfield code="a">BCEJYS</subfield>
    <subfield code="b">BCEJYS</subfield>
    <subfield code="c">17</subfield>
    <subfield code="d">1997-09-01</subfield>
    <subfield code="h">N&#xBA; 63 - sep. 1997</subfield>
    <subfield code="l">0</subfield>
    <subfield code="o">H330 FOR 63</subfield>
    <subfield code="p">R14210</subfield>
    <subfield code="r">2026-04-10 16:08:48</subfield>
    <subfield code="w">2026-04-10</subfield>
    <subfield code="y">RN</subfield>
  </datafield>
  <datafield tag="952" ind1=" " ind2=" ">
    <subfield code="0">0</subfield>
    <subfield code="1">0</subfield>
    <subfield code="4">0</subfield>
    <subfield code="7">0</subfield>
    <subfield code="a">BCEJYS</subfield>
    <subfield code="b">BCEJYS</subfield>
    <subfield code="c">17</subfield>
    <subfield code="d">1997-07-01</subfield>
    <subfield code="h">N&#xBA; 62 - jul. 1997</subfield>
    <subfield code="l">0</subfield>
    <subfield code="o">H330 FOR 62</subfield>
    <subfield code="p">R14209</subfield>
    <subfield code="r">2026-04-10 16:08:48</subfield>
    <subfield code="w">2026-04-10</subfield>
    <subfield code="y">RN</subfield>
  </datafield>
  <datafield tag="952" ind1=" " ind2=" ">
    <subfield code="0">0</subfield>
    <subfield code="1">0</subfield>
    <subfield code="4">0</subfield>
    <subfield code="7">0</subfield>
    <subfield code="a">BCEJYS</subfield>
    <subfield code="b">BCEJYS</subfield>
    <subfield code="c">17</subfield>
    <subfield code="d">1997-05-01</subfield>
    <subfield code="h">N&#xBA; 61 - mayo 1997</subfield>
    <subfield code="l">0</subfield>
    <subfield code="o">H330 FOR 61</subfield>
    <subfield code="p">R14208</subfield>
    <subfield code="r">2026-04-10 16:08:48</subfield>
    <subfield code="w">2026-04-10</subfield>
    <subfield code="y">RN</subfield>
  </datafield>
  <datafield tag="952" ind1=" " ind2=" ">
    <subfield code="0">0</subfield>
    <subfield code="1">0</subfield>
    <subfield code="4">0</subfield>
    <subfield code="7">0</subfield>
    <subfield code="a">BCEJYS</subfield>
    <subfield code="b">BCEJYS</subfield>
    <subfield code="c">17</subfield>
    <subfield code="d">1997-03-01</subfield>
    <subfield code="h">N&#xBA; 60/1 - mar. 1997</subfield>
    <subfield code="l">0</subfield>
    <subfield code="o">H330 FOR 60/1</subfield>
    <subfield code="p">R14207</subfield>
    <subfield code="r">2026-04-10 16:08:48</subfield>
    <subfield code="w">2026-04-10</subfield>
    <subfield code="y">RN</subfield>
  </datafield>
  <datafield tag="952" ind1=" " ind2=" ">
    <subfield code="0">0</subfield>
    <subfield code="1">0</subfield>
    <subfield code="4">0</subfield>
    <subfield code="7">0</subfield>
    <subfield code="a">BCEJYS</subfield>
    <subfield code="b">BCEJYS</subfield>
    <subfield code="c">17</subfield>
    <subfield code="d">1996-05-01</subfield>
    <subfield code="h">N&#xBA; 60 - mayo 1996</subfield>
    <subfield code="l">0</subfield>
    <subfield code="o">H330 FOR 60</subfield>
    <subfield code="p">R14206</subfield>
    <subfield code="r">2026-04-10 16:08:48</subfield>
    <subfield code="w">2026-04-10</subfield>
    <subfield code="y">RN</subfield>
  </datafield>
  <datafield tag="952" ind1=" " ind2=" ">
    <subfield code="0">0</subfield>
    <subfield code="1">0</subfield>
    <subfield code="4">0</subfield>
    <subfield code="7">0</subfield>
    <subfield code="a">BCEJYS</subfield>
    <subfield code="b">BCEJYS</subfield>
    <subfield code="c">17</subfield>
    <subfield code="d">1996-03-01</subfield>
    <subfield code="h">N&#xBA; 59 - mar. 1996</subfield>
    <subfield code="l">0</subfield>
    <subfield code="o">H330 FOR 59</subfield>
    <subfield code="p">R14205</subfield>
    <subfield code="r">2026-04-10 16:08:48</subfield>
    <subfield code="w">2026-04-10</subfield>
    <subfield code="y">RN</subfield>
  </datafield>
  <datafield tag="952" ind1=" " ind2=" ">
    <subfield code="0">0</subfield>
    <subfield code="1">0</subfield>
    <subfield code="4">0</subfield>
    <subfield code="7">0</subfield>
    <subfield code="a">BCEJYS</subfield>
    <subfield code="b">BCEJYS</subfield>
    <subfield code="c">17</subfield>
    <subfield code="d">1995-11-01</subfield>
    <subfield code="h">N&#xBA; 57 - nov. 1995</subfield>
    <subfield code="l">0</subfield>
    <subfield code="o">H330 FOR 57</subfield>
    <subfield code="p">R14204</subfield>
    <subfield code="r">2026-04-10 16:08:48</subfield>
    <subfield code="w">2026-04-10</subfield>
    <subfield code="y">RN</subfield>
  </datafield>
  <datafield tag="952" ind1=" " ind2=" ">
    <subfield code="0">0</subfield>
    <subfield code="1">0</subfield>
    <subfield code="4">0</subfield>
    <subfield code="7">0</subfield>
    <subfield code="a">BCEJYS</subfield>
    <subfield code="b">BCEJYS</subfield>
    <subfield code="c">17</subfield>
    <subfield code="d">1995-09-01</subfield>
    <subfield code="h">N&#xBA; 56 - sep. 1995</subfield>
    <subfield code="l">0</subfield>
    <subfield code="o">H330 FOR 56</subfield>
    <subfield code="p">R14203</subfield>
    <subfield code="r">2026-04-10 16:08:49</subfield>
    <subfield code="w">2026-04-10</subfield>
    <subfield code="y">RN</subfield>
  </datafield>
  <datafield tag="952" ind1=" " ind2=" ">
    <subfield code="0">0</subfield>
    <subfield code="1">0</subfield>
    <subfield code="4">0</subfield>
    <subfield code="7">0</subfield>
    <subfield code="a">BCEJYS</subfield>
    <subfield code="b">BCEJYS</subfield>
    <subfield code="c">17</subfield>
    <subfield code="d">1995-07-01</subfield>
    <subfield code="h">N&#xBA; 55 - jul. 1995</subfield>
    <subfield code="l">0</subfield>
    <subfield code="o">H330 FOR 55</subfield>
    <subfield code="p">R14202</subfield>
    <subfield code="r">2026-04-10 16:08:49</subfield>
    <subfield code="w">2026-04-10</subfield>
    <subfield code="y">RN</subfield>
  </datafield>
  <datafield tag="952" ind1=" " ind2=" ">
    <subfield code="0">0</subfield>
    <subfield code="1">0</subfield>
    <subfield code="4">0</subfield>
    <subfield code="7">0</subfield>
    <subfield code="a">BCEJYS</subfield>
    <subfield code="b">BCEJYS</subfield>
    <subfield code="c">17</subfield>
    <subfield code="d">1995-05-01</subfield>
    <subfield code="h">N&#xBA; 54 - mayo 1995</subfield>
    <subfield code="l">0</subfield>
    <subfield code="o">H330 FOR 54</subfield>
    <subfield code="p">R14201</subfield>
    <subfield code="r">2026-04-10 16:08:49</subfield>
    <subfield code="w">2026-04-10</subfield>
    <subfield code="y">RN</subfield>
  </datafield>
  <datafield tag="952" ind1=" " ind2=" ">
    <subfield code="0">0</subfield>
    <subfield code="1">0</subfield>
    <subfield code="4">0</subfield>
    <subfield code="7">0</subfield>
    <subfield code="a">BCEJYS</subfield>
    <subfield code="b">BCEJYS</subfield>
    <subfield code="c">17</subfield>
    <subfield code="d">1995-03-01</subfield>
    <subfield code="h">N&#xBA; 53 - mar. 1995</subfield>
    <subfield code="l">0</subfield>
    <subfield code="o">H330 FOR 53</subfield>
    <subfield code="p">R14200</subfield>
    <subfield code="r">2026-04-10 16:08:49</subfield>
    <subfield code="w">2026-04-10</subfield>
    <subfield code="y">RN</subfield>
  </datafield>
  <datafield tag="952" ind1=" " ind2=" ">
    <subfield code="0">0</subfield>
    <subfield code="1">0</subfield>
    <subfield code="4">0</subfield>
    <subfield code="7">0</subfield>
    <subfield code="a">BCEJYS</subfield>
    <subfield code="b">BCEJYS</subfield>
    <subfield code="c">17</subfield>
    <subfield code="d">1995-01-01</subfield>
    <subfield code="h">N&#xBA; 52 - ene. 1995</subfield>
    <subfield code="l">0</subfield>
    <subfield code="o">H330 FOR 52</subfield>
    <subfield code="p">R14199</subfield>
    <subfield code="r">2026-04-10 16:08:49</subfield>
    <subfield code="w">2026-04-10</subfield>
    <subfield code="y">RN</subfield>
  </datafield>
  <datafield tag="952" ind1=" " ind2=" ">
    <subfield code="0">0</subfield>
    <subfield code="1">0</subfield>
    <subfield code="4">0</subfield>
    <subfield code="7">0</subfield>
    <subfield code="a">BCEJYS</subfield>
    <subfield code="b">BCEJYS</subfield>
    <subfield code="c">17</subfield>
    <subfield code="d">1994-09-01</subfield>
    <subfield code="h">N&#xBA; 50 - sep. 1994</subfield>
    <subfield code="l">0</subfield>
    <subfield code="o">H330 FOR 50</subfield>
    <subfield code="p">R14198</subfield>
    <subfield code="r">2026-04-10 16:08:49</subfield>
    <subfield code="w">2026-04-10</subfield>
    <subfield code="y">RN</subfield>
  </datafield>
  <datafield tag="952" ind1=" " ind2=" ">
    <subfield code="0">0</subfield>
    <subfield code="1">0</subfield>
    <subfield code="4">0</subfield>
    <subfield code="7">0</subfield>
    <subfield code="a">BCEJYS</subfield>
    <subfield code="b">BCEJYS</subfield>
    <subfield code="c">17</subfield>
    <subfield code="d">1994-07-01</subfield>
    <subfield code="h">N&#xBA; 49 - jul. 1994</subfield>
    <subfield code="l">0</subfield>
    <subfield code="o">H330 FOR 49</subfield>
    <subfield code="p">R14197</subfield>
    <subfield code="r">2026-04-10 16:08:49</subfield>
    <subfield code="w">2026-04-10</subfield>
    <subfield code="y">RN</subfield>
  </datafield>
  <datafield tag="952" ind1=" " ind2=" ">
    <subfield code="0">0</subfield>
    <subfield code="1">0</subfield>
    <subfield code="4">0</subfield>
    <subfield code="7">0</subfield>
    <subfield code="a">BCEJYS</subfield>
    <subfield code="b">BCEJYS</subfield>
    <subfield code="c">17</subfield>
    <subfield code="d">1994-05-01</subfield>
    <subfield code="h">N&#xBA; 48 - mayo 1994</subfield>
    <subfield code="l">0</subfield>
    <subfield code="o">H330 FOR 48</subfield>
    <subfield code="p">R14196</subfield>
    <subfield code="r">2026-04-10 16:08:49</subfield>
    <subfield code="w">2026-04-10</subfield>
    <subfield code="y">RN</subfield>
  </datafield>
  <datafield tag="952" ind1=" " ind2=" ">
    <subfield code="0">0</subfield>
    <subfield code="1">0</subfield>
    <subfield code="4">0</subfield>
    <subfield code="7">0</subfield>
    <subfield code="a">BCEJYS</subfield>
    <subfield code="b">BCEJYS</subfield>
    <subfield code="c">17</subfield>
    <subfield code="d">1994-03-01</subfield>
    <subfield code="h">N&#xBA; 47 - mar. 1994</subfield>
    <subfield code="l">0</subfield>
    <subfield code="o">H330 FOR 47</subfield>
    <subfield code="p">R14195</subfield>
    <subfield code="r">2026-04-10 16:08:49</subfield>
    <subfield code="w">2026-04-10</subfield>
    <subfield code="y">RN</subfield>
  </datafield>
  <datafield tag="952" ind1=" " ind2=" ">
    <subfield code="0">0</subfield>
    <subfield code="1">0</subfield>
    <subfield code="4">0</subfield>
    <subfield code="7">0</subfield>
    <subfield code="a">BCEJYS</subfield>
    <subfield code="b">BCEJYS</subfield>
    <subfield code="c">17</subfield>
    <subfield code="d">1994-01-01</subfield>
    <subfield code="h">N&#xBA; 46 - ene. 1994</subfield>
    <subfield code="l">0</subfield>
    <subfield code="o">H330 FOR 46</subfield>
    <subfield code="p">R14194</subfield>
    <subfield code="r">2026-04-10 16:08:49</subfield>
    <subfield code="w">2026-04-10</subfield>
    <subfield code="y">RN</subfield>
  </datafield>
  <datafield tag="952" ind1=" " ind2=" ">
    <subfield code="0">0</subfield>
    <subfield code="1">0</subfield>
    <subfield code="4">0</subfield>
    <subfield code="7">0</subfield>
    <subfield code="a">BCEJYS</subfield>
    <subfield code="b">BCEJYS</subfield>
    <subfield code="c">17</subfield>
    <subfield code="d">1993-11-01</subfield>
    <subfield code="h">N&#xBA; 45 - nov. 1993</subfield>
    <subfield code="l">0</subfield>
    <subfield code="o">H330 FOR 45</subfield>
    <subfield code="p">R14193</subfield>
    <subfield code="r">2026-04-10 16:08:49</subfield>
    <subfield code="w">2026-04-10</subfield>
    <subfield code="y">RN</subfield>
  </datafield>
  <datafield tag="952" ind1=" " ind2=" ">
    <subfield code="0">0</subfield>
    <subfield code="1">0</subfield>
    <subfield code="4">0</subfield>
    <subfield code="7">0</subfield>
    <subfield code="a">BCEJYS</subfield>
    <subfield code="b">BCEJYS</subfield>
    <subfield code="c">17</subfield>
    <subfield code="d">1993-09-01</subfield>
    <subfield code="h">N&#xBA; 44 - sep. 1993</subfield>
    <subfield code="l">0</subfield>
    <subfield code="o">H330 FOR 44</subfield>
    <subfield code="p">R14192</subfield>
    <subfield code="r">2026-04-10 16:08:49</subfield>
    <subfield code="w">2026-04-10</subfield>
    <subfield code="y">RN</subfield>
  </datafield>
  <datafield tag="952" ind1=" " ind2=" ">
    <subfield code="0">0</subfield>
    <subfield code="1">0</subfield>
    <subfield code="4">0</subfield>
    <subfield code="7">0</subfield>
    <subfield code="a">BCEJYS</subfield>
    <subfield code="b">BCEJYS</subfield>
    <subfield code="c">17</subfield>
    <subfield code="d">1993-07-01</subfield>
    <subfield code="h">N&#xBA; 43 - jul. 1993</subfield>
    <subfield code="l">0</subfield>
    <subfield code="o">H330 FOR 43</subfield>
    <subfield code="p">R14191</subfield>
    <subfield code="r">2026-04-10 16:08:49</subfield>
    <subfield code="w">2026-04-10</subfield>
    <subfield code="y">RN</subfield>
  </datafield>
  <datafield tag="952" ind1=" " ind2=" ">
    <subfield code="0">0</subfield>
    <subfield code="1">0</subfield>
    <subfield code="4">0</subfield>
    <subfield code="7">0</subfield>
    <subfield code="a">BCEJYS</subfield>
    <subfield code="b">BCEJYS</subfield>
    <subfield code="c">17</subfield>
    <subfield code="d">1993-02-01</subfield>
    <subfield code="h">N&#xBA; 41 - feb. 1992</subfield>
    <subfield code="l">0</subfield>
    <subfield code="o">H330 FOR 41</subfield>
    <subfield code="p">R14190</subfield>
    <subfield code="r">2026-04-10 16:08:49</subfield>
    <subfield code="w">2026-04-10</subfield>
    <subfield code="y">RN</subfield>
  </datafield>
  <datafield tag="952" ind1=" " ind2=" ">
    <subfield code="0">0</subfield>
    <subfield code="1">0</subfield>
    <subfield code="4">0</subfield>
    <subfield code="7">0</subfield>
    <subfield code="a">BCEJYS</subfield>
    <subfield code="b">BCEJYS</subfield>
    <subfield code="c">17</subfield>
    <subfield code="d">1992-12-01</subfield>
    <subfield code="h">N&#xBA; 40 - dic. 1992</subfield>
    <subfield code="l">0</subfield>
    <subfield code="o">H330 FOR 40</subfield>
    <subfield code="p">R14189</subfield>
    <subfield code="r">2026-04-10 16:08:49</subfield>
    <subfield code="w">2026-04-10</subfield>
    <subfield code="y">RN</subfield>
  </datafield>
  <datafield tag="952" ind1=" " ind2=" ">
    <subfield code="0">0</subfield>
    <subfield code="1">0</subfield>
    <subfield code="4">0</subfield>
    <subfield code="7">0</subfield>
    <subfield code="a">BCEJYS</subfield>
    <subfield code="b">BCEJYS</subfield>
    <subfield code="c">17</subfield>
    <subfield code="d">1992-10-01</subfield>
    <subfield code="h">N&#xBA; 39 - oct. 1992</subfield>
    <subfield code="l">0</subfield>
    <subfield code="o">H330 FOR 39</subfield>
    <subfield code="p">R14188</subfield>
    <subfield code="r">2026-04-10 16:08:49</subfield>
    <subfield code="w">2026-04-10</subfield>
    <subfield code="y">RN</subfield>
  </datafield>
  <datafield tag="952" ind1=" " ind2=" ">
    <subfield code="0">0</subfield>
    <subfield code="1">0</subfield>
    <subfield code="4">0</subfield>
    <subfield code="7">0</subfield>
    <subfield code="a">BCEJYS</subfield>
    <subfield code="b">BCEJYS</subfield>
    <subfield code="c">17</subfield>
    <subfield code="d">1992-07-01</subfield>
    <subfield code="h">N&#xBA; 37 - jul. 1992</subfield>
    <subfield code="l">0</subfield>
    <subfield code="o">H330 FOR 37</subfield>
    <subfield code="p">R14187</subfield>
    <subfield code="r">2026-04-10 16:08:49</subfield>
    <subfield code="w">2026-04-10</subfield>
    <subfield code="y">RN</subfield>
  </datafield>
  <datafield tag="952" ind1=" " ind2=" ">
    <subfield code="0">0</subfield>
    <subfield code="1">0</subfield>
    <subfield code="4">0</subfield>
    <subfield code="7">0</subfield>
    <subfield code="a">BCEJYS</subfield>
    <subfield code="b">BCEJYS</subfield>
    <subfield code="c">17</subfield>
    <subfield code="d">1992-05-01</subfield>
    <subfield code="h">N&#xBA; 36 - mayo 1992</subfield>
    <subfield code="l">0</subfield>
    <subfield code="o">H330 FOR 36</subfield>
    <subfield code="p">R14186</subfield>
    <subfield code="r">2026-04-10 16:08:49</subfield>
    <subfield code="w">2026-04-10</subfield>
    <subfield code="y">RN</subfield>
  </datafield>
  <datafield tag="952" ind1=" " ind2=" ">
    <subfield code="0">0</subfield>
    <subfield code="1">0</subfield>
    <subfield code="4">0</subfield>
    <subfield code="7">0</subfield>
    <subfield code="a">BCEJYS</subfield>
    <subfield code="b">BCEJYS</subfield>
    <subfield code="c">17</subfield>
    <subfield code="d">1992-01-01</subfield>
    <subfield code="h">N&#xBA; 35 - ene. 1992</subfield>
    <subfield code="l">0</subfield>
    <subfield code="o">H330 FOR 35</subfield>
    <subfield code="p">R14185</subfield>
    <subfield code="r">2026-04-10 16:08:49</subfield>
    <subfield code="w">2026-04-10</subfield>
    <subfield code="y">RN</subfield>
  </datafield>
  <datafield tag="952" ind1=" " ind2=" ">
    <subfield code="0">0</subfield>
    <subfield code="1">0</subfield>
    <subfield code="4">0</subfield>
    <subfield code="7">0</subfield>
    <subfield code="a">BCEJYS</subfield>
    <subfield code="b">BCEJYS</subfield>
    <subfield code="c">17</subfield>
    <subfield code="d">1991-11-01</subfield>
    <subfield code="h">N&#xBA; 34 - nov. 1991</subfield>
    <subfield code="l">0</subfield>
    <subfield code="o">H330 FOR 34</subfield>
    <subfield code="p">R14184</subfield>
    <subfield code="r">2026-04-10 16:08:49</subfield>
    <subfield code="w">2026-04-10</subfield>
    <subfield code="y">RN</subfield>
  </datafield>
  <datafield tag="952" ind1=" " ind2=" ">
    <subfield code="0">0</subfield>
    <subfield code="1">0</subfield>
    <subfield code="4">0</subfield>
    <subfield code="7">0</subfield>
    <subfield code="a">BCEJYS</subfield>
    <subfield code="b">BCEJYS</subfield>
    <subfield code="c">17</subfield>
    <subfield code="d">1991-09-01</subfield>
    <subfield code="h">N&#xBA; 33 - sep. 1991</subfield>
    <subfield code="l">0</subfield>
    <subfield code="o">H330 FOR 33</subfield>
    <subfield code="p">R14183</subfield>
    <subfield code="r">2026-04-10 16:08:49</subfield>
    <subfield code="w">2026-04-10</subfield>
    <subfield code="y">RN</subfield>
  </datafield>
  <datafield tag="952" ind1=" " ind2=" ">
    <subfield code="0">0</subfield>
    <subfield code="1">0</subfield>
    <subfield code="4">0</subfield>
    <subfield code="7">0</subfield>
    <subfield code="a">BCEJYS</subfield>
    <subfield code="b">BCEJYS</subfield>
    <subfield code="c">17</subfield>
    <subfield code="d">1991-07-01</subfield>
    <subfield code="h">N&#xBA; 32 - jul. 1991</subfield>
    <subfield code="l">0</subfield>
    <subfield code="o">H330 FOR 32</subfield>
    <subfield code="p">R14182</subfield>
    <subfield code="r">2026-04-10 16:08:49</subfield>
    <subfield code="w">2026-04-10</subfield>
    <subfield code="y">RN</subfield>
  </datafield>
  <datafield tag="952" ind1=" " ind2=" ">
    <subfield code="0">0</subfield>
    <subfield code="1">0</subfield>
    <subfield code="4">0</subfield>
    <subfield code="7">0</subfield>
    <subfield code="a">BCEJYS</subfield>
    <subfield code="b">BCEJYS</subfield>
    <subfield code="c">17</subfield>
    <subfield code="d">1991-05-01</subfield>
    <subfield code="h">N&#xBA; 31 - mayo 1991</subfield>
    <subfield code="l">0</subfield>
    <subfield code="o">H330 FOR 31</subfield>
    <subfield code="p">R14181</subfield>
    <subfield code="r">2026-04-10 16:08:49</subfield>
    <subfield code="w">2026-04-10</subfield>
    <subfield code="y">RN</subfield>
  </datafield>
  <datafield tag="952" ind1=" " ind2=" ">
    <subfield code="0">0</subfield>
    <subfield code="1">0</subfield>
    <subfield code="4">0</subfield>
    <subfield code="7">0</subfield>
    <subfield code="a">BCEJYS</subfield>
    <subfield code="b">BCEJYS</subfield>
    <subfield code="c">17</subfield>
    <subfield code="d">1991-03-01</subfield>
    <subfield code="h">N&#xBA; 30 - mar. 1991</subfield>
    <subfield code="l">0</subfield>
    <subfield code="o">H330 FOR 30</subfield>
    <subfield code="p">R14180</subfield>
    <subfield code="r">2026-04-10 16:08:49</subfield>
    <subfield code="w">2026-04-10</subfield>
    <subfield code="y">RN</subfield>
  </datafield>
  <datafield tag="952" ind1=" " ind2=" ">
    <subfield code="0">0</subfield>
    <subfield code="1">0</subfield>
    <subfield code="4">0</subfield>
    <subfield code="7">0</subfield>
    <subfield code="a">BCEJYS</subfield>
    <subfield code="b">BCEJYS</subfield>
    <subfield code="c">17</subfield>
    <subfield code="d">1990-12-01</subfield>
    <subfield code="h">N&#xBA; 29 - dic. 1990</subfield>
    <subfield code="l">0</subfield>
    <subfield code="o">H330 FOR 29</subfield>
    <subfield code="p">R14179</subfield>
    <subfield code="r">2026-04-10 16:08:49</subfield>
    <subfield code="w">2026-04-10</subfield>
    <subfield code="y">RN</subfield>
  </datafield>
  <datafield tag="952" ind1=" " ind2=" ">
    <subfield code="0">0</subfield>
    <subfield code="1">0</subfield>
    <subfield code="4">0</subfield>
    <subfield code="7">0</subfield>
    <subfield code="a">BCEJYS</subfield>
    <subfield code="b">BCEJYS</subfield>
    <subfield code="c">17</subfield>
    <subfield code="d">1990-10-01</subfield>
    <subfield code="h">N&#xBA; 28 - oct. 1990</subfield>
    <subfield code="l">0</subfield>
    <subfield code="o">H330 FOR 28</subfield>
    <subfield code="p">R14178</subfield>
    <subfield code="r">2026-04-10 16:08:49</subfield>
    <subfield code="w">2026-04-10</subfield>
    <subfield code="y">RN</subfield>
  </datafield>
  <datafield tag="952" ind1=" " ind2=" ">
    <subfield code="0">0</subfield>
    <subfield code="1">0</subfield>
    <subfield code="4">0</subfield>
    <subfield code="7">0</subfield>
    <subfield code="a">BCEJYS</subfield>
    <subfield code="b">BCEJYS</subfield>
    <subfield code="c">17</subfield>
    <subfield code="d">1990-08-01</subfield>
    <subfield code="h">N&#xBA; 27 - ago. 1990</subfield>
    <subfield code="l">0</subfield>
    <subfield code="o">H330 FOR 27</subfield>
    <subfield code="p">R14177</subfield>
    <subfield code="r">2026-04-10 16:08:49</subfield>
    <subfield code="w">2026-04-10</subfield>
    <subfield code="y">RN</subfield>
  </datafield>
  <datafield tag="952" ind1=" " ind2=" ">
    <subfield code="0">0</subfield>
    <subfield code="1">0</subfield>
    <subfield code="4">0</subfield>
    <subfield code="7">0</subfield>
    <subfield code="a">BCEJYS</subfield>
    <subfield code="b">BCEJYS</subfield>
    <subfield code="c">17</subfield>
    <subfield code="d">1990-06-01</subfield>
    <subfield code="h">N&#xBA; 26 - jun. 1990</subfield>
    <subfield code="l">0</subfield>
    <subfield code="o">H330 FOR 26</subfield>
    <subfield code="p">R14176</subfield>
    <subfield code="r">2026-04-10 16:08:49</subfield>
    <subfield code="w">2026-04-10</subfield>
    <subfield code="y">RN</subfield>
  </datafield>
  <datafield tag="952" ind1=" " ind2=" ">
    <subfield code="0">0</subfield>
    <subfield code="1">0</subfield>
    <subfield code="4">0</subfield>
    <subfield code="7">0</subfield>
    <subfield code="a">BCEJYS</subfield>
    <subfield code="b">BCEJYS</subfield>
    <subfield code="c">17</subfield>
    <subfield code="d">1990-04-01</subfield>
    <subfield code="h">N&#xBA; 25 - abr. 1990</subfield>
    <subfield code="l">0</subfield>
    <subfield code="o">H330 FOR 25</subfield>
    <subfield code="p">R14175</subfield>
    <subfield code="r">2026-04-10 16:08:49</subfield>
    <subfield code="w">2026-04-10</subfield>
    <subfield code="y">RN</subfield>
  </datafield>
  <datafield tag="952" ind1=" " ind2=" ">
    <subfield code="0">0</subfield>
    <subfield code="1">0</subfield>
    <subfield code="4">0</subfield>
    <subfield code="7">0</subfield>
    <subfield code="a">BCEJYS</subfield>
    <subfield code="b">BCEJYS</subfield>
    <subfield code="c">17</subfield>
    <subfield code="d">1990-01-01</subfield>
    <subfield code="h">N&#xBA; 24 - ene. 1990</subfield>
    <subfield code="l">0</subfield>
    <subfield code="o">H330 FOR 24</subfield>
    <subfield code="p">R14174</subfield>
    <subfield code="r">2026-04-10 16:08:49</subfield>
    <subfield code="w">2026-04-10</subfield>
    <subfield code="y">RN</subfield>
  </datafield>
  <datafield tag="952" ind1=" " ind2=" ">
    <subfield code="0">0</subfield>
    <subfield code="1">0</subfield>
    <subfield code="4">0</subfield>
    <subfield code="7">0</subfield>
    <subfield code="a">BCEJYS</subfield>
    <subfield code="b">BCEJYS</subfield>
    <subfield code="c">17</subfield>
    <subfield code="d">1989-07-01</subfield>
    <subfield code="h">N&#xBA; 21 - jul. 1989</subfield>
    <subfield code="l">0</subfield>
    <subfield code="o">H330 FOR 21</subfield>
    <subfield code="p">R14173</subfield>
    <subfield code="r">2026-04-10 16:08:49</subfield>
    <subfield code="w">2026-04-10</subfield>
    <subfield code="y">RN</subfield>
  </datafield>
  <datafield tag="952" ind1=" " ind2=" ">
    <subfield code="0">0</subfield>
    <subfield code="1">0</subfield>
    <subfield code="4">0</subfield>
    <subfield code="7">0</subfield>
    <subfield code="a">BCEJYS</subfield>
    <subfield code="b">BCEJYS</subfield>
    <subfield code="c">17</subfield>
    <subfield code="d">1989-06-01</subfield>
    <subfield code="h">N&#xBA; 20 - jun. 1989</subfield>
    <subfield code="l">0</subfield>
    <subfield code="o">H330 FOR 20</subfield>
    <subfield code="p">R14172</subfield>
    <subfield code="r">2026-04-10 16:08:49</subfield>
    <subfield code="w">2026-04-10</subfield>
    <subfield code="y">RN</subfield>
  </datafield>
  <datafield tag="952" ind1=" " ind2=" ">
    <subfield code="0">0</subfield>
    <subfield code="1">0</subfield>
    <subfield code="4">0</subfield>
    <subfield code="7">0</subfield>
    <subfield code="a">BCEJYS</subfield>
    <subfield code="b">BCEJYS</subfield>
    <subfield code="c">17</subfield>
    <subfield code="d">1989-04-01</subfield>
    <subfield code="h">N&#xBA; 19 - abr. 1989</subfield>
    <subfield code="l">0</subfield>
    <subfield code="o">H330 FOR 19</subfield>
    <subfield code="p">R14171</subfield>
    <subfield code="r">2026-04-10 16:08:49</subfield>
    <subfield code="w">2026-04-10</subfield>
    <subfield code="y">RN</subfield>
  </datafield>
  <datafield tag="952" ind1=" " ind2=" ">
    <subfield code="0">0</subfield>
    <subfield code="1">0</subfield>
    <subfield code="4">0</subfield>
    <subfield code="7">0</subfield>
    <subfield code="a">BCEJYS</subfield>
    <subfield code="b">BCEJYS</subfield>
    <subfield code="c">17</subfield>
    <subfield code="d">1989-03-01</subfield>
    <subfield code="h">N&#xBA; 18 - mar. 1989</subfield>
    <subfield code="l">0</subfield>
    <subfield code="o">H330 FOR 18</subfield>
    <subfield code="p">R14170</subfield>
    <subfield code="r">2026-04-10 16:08:49</subfield>
    <subfield code="w">2026-04-10</subfield>
    <subfield code="y">RN</subfield>
  </datafield>
  <datafield tag="952" ind1=" " ind2=" ">
    <subfield code="0">0</subfield>
    <subfield code="1">0</subfield>
    <subfield code="4">0</subfield>
    <subfield code="7">0</subfield>
    <subfield code="a">BCEJYS</subfield>
    <subfield code="b">BCEJYS</subfield>
    <subfield code="c">17</subfield>
    <subfield code="d">1988-09-01</subfield>
    <subfield code="h">N&#xBA; 15 - sep. 1988</subfield>
    <subfield code="l">0</subfield>
    <subfield code="o">H330 FOR 15</subfield>
    <subfield code="p">R14169</subfield>
    <subfield code="r">2026-04-10 16:08:49</subfield>
    <subfield code="w">2026-04-10</subfield>
    <subfield code="y">RN</subfield>
  </datafield>
  <datafield tag="952" ind1=" " ind2=" ">
    <subfield code="0">0</subfield>
    <subfield code="1">0</subfield>
    <subfield code="4">0</subfield>
    <subfield code="7">0</subfield>
    <subfield code="a">BCEJYS</subfield>
    <subfield code="b">BCEJYS</subfield>
    <subfield code="c">17</subfield>
    <subfield code="d">1988-07-01</subfield>
    <subfield code="h">N&#xBA; 14 - jul. 1988</subfield>
    <subfield code="l">0</subfield>
    <subfield code="o">H330 FOR 14</subfield>
    <subfield code="p">R14168</subfield>
    <subfield code="r">2026-04-10 16:08:49</subfield>
    <subfield code="w">2026-04-10</subfield>
    <subfield code="y">RN</subfield>
  </datafield>
  <datafield tag="952" ind1=" " ind2=" ">
    <subfield code="0">0</subfield>
    <subfield code="1">0</subfield>
    <subfield code="4">0</subfield>
    <subfield code="7">0</subfield>
    <subfield code="a">BCEJYS</subfield>
    <subfield code="b">BCEJYS</subfield>
    <subfield code="c">17</subfield>
    <subfield code="d">1988-05-01</subfield>
    <subfield code="h">N&#xBA; 13 - mayo 1988</subfield>
    <subfield code="l">0</subfield>
    <subfield code="o">H330 FOR 13</subfield>
    <subfield code="p">R14167</subfield>
    <subfield code="r">2026-04-10 16:08:49</subfield>
    <subfield code="w">2026-04-10</subfield>
    <subfield code="y">RN</subfield>
  </datafield>
  <datafield tag="952" ind1=" " ind2=" ">
    <subfield code="0">0</subfield>
    <subfield code="1">0</subfield>
    <subfield code="4">0</subfield>
    <subfield code="7">0</subfield>
    <subfield code="a">BCEJYS</subfield>
    <subfield code="b">BCEJYS</subfield>
    <subfield code="c">17</subfield>
    <subfield code="d">1988-04-01</subfield>
    <subfield code="h">N&#xBA; 12 - abr. 1988</subfield>
    <subfield code="l">0</subfield>
    <subfield code="o">H330 FOR 12</subfield>
    <subfield code="p">R14166</subfield>
    <subfield code="r">2026-04-10 16:08:49</subfield>
    <subfield code="w">2026-04-10</subfield>
    <subfield code="y">RN</subfield>
  </datafield>
  <datafield tag="952" ind1=" " ind2=" ">
    <subfield code="0">0</subfield>
    <subfield code="1">0</subfield>
    <subfield code="4">0</subfield>
    <subfield code="7">0</subfield>
    <subfield code="a">BCEJYS</subfield>
    <subfield code="b">BCEJYS</subfield>
    <subfield code="c">17</subfield>
    <subfield code="d">1988-01-01</subfield>
    <subfield code="h">N&#xBA; 11 - ene. 1988</subfield>
    <subfield code="l">0</subfield>
    <subfield code="o">H330 FOR 11</subfield>
    <subfield code="p">R14165</subfield>
    <subfield code="r">2026-04-10 16:08:49</subfield>
    <subfield code="w">2026-04-10</subfield>
    <subfield code="y">RN</subfield>
  </datafield>
  <datafield tag="952" ind1=" " ind2=" ">
    <subfield code="0">0</subfield>
    <subfield code="1">0</subfield>
    <subfield code="4">0</subfield>
    <subfield code="7">0</subfield>
    <subfield code="a">BCEJYS</subfield>
    <subfield code="b">BCEJYS</subfield>
    <subfield code="c">17</subfield>
    <subfield code="d">1987-10-01</subfield>
    <subfield code="h">N&#xBA; 10 - oct. 1987</subfield>
    <subfield code="l">0</subfield>
    <subfield code="o">H330 FOR 10</subfield>
    <subfield code="p">R14164</subfield>
    <subfield code="r">2026-04-10 16:08:49</subfield>
    <subfield code="w">2026-04-10</subfield>
    <subfield code="y">RN</subfield>
  </datafield>
  <datafield tag="952" ind1=" " ind2=" ">
    <subfield code="0">0</subfield>
    <subfield code="1">0</subfield>
    <subfield code="4">0</subfield>
    <subfield code="7">0</subfield>
    <subfield code="a">BCEJYS</subfield>
    <subfield code="b">BCEJYS</subfield>
    <subfield code="c">17</subfield>
    <subfield code="d">1987-01-01</subfield>
    <subfield code="h">N&#xBA; 5 - ene. 1987</subfield>
    <subfield code="l">0</subfield>
    <subfield code="o">H330 FOR 5</subfield>
    <subfield code="p">R14163</subfield>
    <subfield code="r">2026-04-10 16:08:49</subfield>
    <subfield code="w">2026-04-10</subfield>
    <subfield code="y">RN</subfield>
  </datafield>
  <datafield tag="952" ind1=" " ind2=" ">
    <subfield code="0">0</subfield>
    <subfield code="1">0</subfield>
    <subfield code="4">0</subfield>
    <subfield code="7">0</subfield>
    <subfield code="a">BCEJYS</subfield>
    <subfield code="b">BCEJYS</subfield>
    <subfield code="c">17</subfield>
    <subfield code="d">1986-03-01</subfield>
    <subfield code="h">N&#xBA; 1 - mar. 1986</subfield>
    <subfield code="l">0</subfield>
    <subfield code="o">H330 FOR 1</subfield>
    <subfield code="p">R14161</subfield>
    <subfield code="r">2026-04-10 16:08:49</subfield>
    <subfield code="w">2026-04-10</subfield>
    <subfield code="y">RN</subfield>
  </datafield>
</record>
